U.S. States Moving to California the Most - Statistics

General Stats
  • This quiz has been taken 415 times
  • The average score is 11 of 15
Answer Stats
To California State % Correct
37,576 New York
96%
37,063 Texas
95%
31,882 Washington
93%
17,265 Oregon
92%
22,692 Florida
91%
28,226 Arizona
88%
26,433 Nevada
87%
15,085 Colorado
73%
14,496 Georgia
72%
24,085 Illinois
70%
16,158 Massachusetts
58%
13,863 North Carolina
57%
12,578 Pennsylvania
57%
24,506 Virginia
55%
11,985 Hawaii
51%
No matching quizzes found
Score Distribution
Percent of People with Each Score
Percentile by Number Answered
Your Score History
You have not taken this quiz